000
00338nam a2200133Ia 4500
008
100328s9999 xx 000 0 und d
082
_b
1626
100
_a
Gurko Leo
245
_a
Crisis Of The American Mind
260
_b
Rider & Co.
630
_a
Crisis Of The American Mind
730
_a
Crisis Of The American Mind
942
_c
BOOK
999
_c
497892
_d
497889